000 00463nam a22001937a 4500
003 OSt
005 20241106093514.0
008 241106b |||||||| |||| 00| 0 eng d
040 _cMRSPTU
041 _aENG
082 _a333.79
_bDO-R
100 _aDogra, Ritu
245 _aRenewable Energy and Green Technology
260 _aNew Delhi
_bBrillion Pub.
_c2023
300 _a323
650 _aAgriculture
700 _aSingh, Manpreet
942 _2ddc
_cBK
_n0
999 _c10445
_d10445